000 00314nam a2200145Ia 4500
008 221030s9999 xx 000 0 und d
041 _aEnglish
082 _a105.6
100 _aShivam/531
245 0 _aAndroid Based Notice Board
250 _a2014
260 _aJammu
_c2014
650 _aIT
942 _cTH
999 _c17890
_d17890